[Event "SCG-ch 2nd"]
[Site "Pancevo"]
[Date "2006.03.03"]
[Round "5"]
[White "Tadic, Branko"]
[Black "Abramovic, Bosko"]
[Result "0-1"]
[WhiteElo "2491"]
[BlackElo "2507"]
[Annotator "Ribli,Z"]
[PlyCount "96"]
[EventDate "2006.02.27"]
[EventType "tourn"]
[EventRounds "13"]
[EventCountry "YUG"]
[EventCategory "11"]
[SourceTitle "CBM 112"]
[Source "ChessBase"]
[SourceDate "2006.06.07"]
[SourceVersion "1"]
[SourceVersionDate "2006.06.07"]
[SourceQuality "1"]

1. Nf3 d5 2. d4 Nf6 3. c4 e6 4. g3 Bb4+ 5. Bd2 Be7 6. Bg2 O-O 7. O-O c6 8. Bf4
Nbd7 9. Nc3 {Weiß beschäftigt sich nicht mit dem c4-Bauern, er spielt auf
aktives Spiel im Zentrum.} dxc4 10. e4 b5 (10... Re8 11. a4 (11. Re1 Nf8 12. a4
Ng6 13. Bg5 h6 14. Bxf6 Bxf6 15. e5 Be7 16. Qe2 (16. a5 $5) 16... a5 17. Qxc4 (
17. Red1 $1) 17... Qb6 18. Ne4 Rd8 19. Qc2 Bd7 {1/2-1/2 Roiz,M-Portisch,L/
Warsaw 2005/(33)}) 11... a5 12. Qc2 Nf8 13. Rfd1 Ng6 14. Bg5 h6 15. Bxf6 Bxf6
16. Qe2 Qb6 17. e5 Be7 18. Qxc4 Bd7 19. Ne4 Red8 20. b3 Be8 21. Rd3 Qa7 {
1/2-1/2 Prusikin,M-Jussupow,A/Pulvermuehle 2006/(21)}) (10... a5 11. Re1 Re8
12. d5 cxd5 13. exd5 Nc5 14. Ne5 exd5 (14... Ra6 $5) 15. Nxd5 Nxd5 $2 (15...
Be6 $1) 16. Nxf7 $3 {1-0 Gelfand,B-Georgiev,K/Mallorca 2004/CBM 104/ (26)}) 11.
d5 (11. Qc2 Qb6 12. Rad1 Bb7 13. e5 Nd5 14. Bg5 $44) 11... Qb6 $5 {Eine
kaltblütige Fortsetzung, Schwarz hat keine Angst vor dem weißen d-Bauern. Weiß
hat einige Initiative für den Bauern, aber ich bin gar nicht sicher, ob das
genügend ist.} (11... exd5 12. exd5 cxd5 13. Nxd5 {1-0 Romanishin,O-Tan,M/
Vlissingen 2005/(32)}) (11... cxd5 12. exd5 Qb6 13. d6 (13. dxe6 fxe6 14. Nd4
Bb7 15. Bxb7 Qxb7 16. Nxe6 Rfc8 17. Re1 {1-0 Romanishin,O-Sharma,D/Calcutta
2004/(26)}) 13... Bd8 14. Be3 Qa6 15. Nxb5 Nd5 16. a4 Nxe3 17. fxe3 Bb7 18. Qc2
Rc8 {1/2-1/2 Kortschnoj,V-Kramnik,V/Geneva 1996/EXP 54 (28)}) 12. d6 {[%mdl 4]
Dieser Zug kommt mit Tempo, aber der d6P kann auch schwach sein.} (12. Nd4 cxd5
13. exd5 e5 (13... Bb7 14. d6 Bxg2 $1 15. dxe7 Bxf1 16. exf8=Q+ Rxf8 17. Kxf1
e5 $15) 14. Ndxb5 (14. d6 Bxd6 15. Bxa8 exf4 16. Ndxb5 Bb8 $44) 14... Bc5 {
1/2-1/2 Nielsen,P-Beliavsky,A/Gothenburg 2005/ (124)}) (12. dxc6 Nc5 $1 13. Nd4
(13. e5 Nd5 14. Nxd5 exd5 15. Bg5 Bxg5 16. Nxg5 h6 $17) (13. Ne5 Rd8 14. Qf3
Ba6 15. Rfd1 b4 $15) 13... b4 14. Ncb5 Nd3 15. Bc7 Qc5 16. e5 Nd5 {0-1 Ulibin,
M-Nikolenko,O/Pavlodar 1991/EXT 91ch (24)}) 12... Bd8 13. b4 {Der große
Nachteil des Textzugs ist, dass der c4P ein gedeckter Freibauer wird.} a5 (
13... cxb3 14. axb3 $44) 14. a3 Re8 $13 {[%cal Ge6e5]} 15. Rb1 axb4 16. axb4 e5
17. Bg5 h6 18. Be3 Qb8 19. Nh4 {[%cal Gh4f5]} Bb6 (19... Nb6 $5 $15 {[%cal
Gb6a4]}) 20. Nf5 Nf8 21. Ne7+ Kh7 22. Nxc6 Qb7 23. Ne7 Ng6 (23... Bxe3 24. fxe3
Be6 25. Rxf6 $5 gxf6 26. Ncd5 $14 {[%cal Rd5c7,Rd5f6]}) 24. Ned5 $6 (24. Bxb6
$1 Qxb6 25. Ned5 Nxd5 (25... Qxd6 26. Nxb5 $16) 26. Qxd5 Be6 27. Qc5 $16 {
[%cal Gf2f4]}) 24... Nxd5 25. Qxd5 (25. Nxd5 Bxe3 26. Nc7 Bd4 $5 (26... Rd8 27.
Nxa8 (27. fxe3 Ra2) 27... Bd4 28. Nc7 Rxd6 29. Nd5) 27. Nxe8 Ra2 $44) 25...
Qxd5 26. Nxd5 Bxe3 27. fxe3 Rd8 28. Nc7 Rb8 29. Rxf7 Rb6 (29... Rxd6 30. Rxg7+
(30. Ne8 Re6 31. Nxg7 Re7 32. Rxe7 Nxe7 33. Ne8) 30... Kxg7 (30... Kh8) 31.
Ne8+ Kg8 32. Nxd6) 30. Rbf1 Kg8 31. h4 h5 32. Kh2 Rdxd6 33. Ne8 $6 Rd7 34. Rxd7
Bxd7 $15 {[%csl Gc4,Re8]} 35. Nc7 Rd6 (35... Ne7 $15) 36. Nd5 Ra6 37. Bf3 Ra2+
38. Kg1 Bg4 39. Bxg4 hxg4 {[%mdl 4096]} 40. h5 Nh8 41. Nc3 $2 (41. Ne7+ $142
Kh7 42. Nd5) 41... Rb2 42. Nxb5 Nf7 $17 {[%csl Gb2,Gf7][%cal Gf7g5,Gg5f3,Gg5h3,
Gg5e4,Gb2h2]} 43. Ra1 Rxb4 44. Ra8+ Kh7 45. Ra7 Ng5 46. Nd6 c3 $19 47. Rc7 Rb1+
48. Kf2 Rb2+ 0-1

[Event "Hastings 0203 78th"]
[Site "Hastings"]
[Date "2003.01.04"]
[Round "8"]
[White "Nielsen, Peter Heine"]
[Black "Harikrishna, Pentala"]
[Result "1-0"]
[WhiteElo "2620"]
[BlackElo "2551"]
[Annotator "Ribli,Z"]
[PlyCount "118"]
[EventDate "2002.12.28"]
[EventType "tourn"]
[EventRounds "9"]
[EventCountry "ENG"]
[EventCategory "12"]
[SourceTitle "CBM 093"]
[Source "ChessBase"]
[SourceDate "2003.04.01"]
[SourceVersion "1"]
[SourceVersionDate "2003.04.01"]
[SourceQuality "1"]

1. Nf3 Nf6 2. c4 e6 3. g3 d5 4. d4 Bb4+ 5. Bd2 Be7 6. Bg2 c6 7. Qb3 {Dieser
Damenzug ist auch gut spielbar, aber 7.Qc2 ist populärer.} Nbd7 8. Bf4 O-O 9.
O-O b6 10. Nc3 Ba6 (10... Bb7 $5) 11. cxd5 exd5 {dieser Zug ist etwa
ungluecklich - die Alternativen bieten Schwarz bessere Chancen fuer Ausgleich.}
(11... cxd5 12. Nb5 $5) (11... Nxd5 $5) 12. Rfd1 Re8 $6 {Dieser Zug gefaellt
mir nicht, weil Schwarz den Punkt f7 schwächt.} 13. Ne5 $14 Bb7 (13... Nxe5 14.
dxe5 (14. Bxe5 $14) 14... Nh5 (14... Nd7 15. Nxd5 cxd5 16. Bxd5 $16) 15. Be3 (
15. Qa4 Nxf4 16. gxf4 Qc8 17. e4 b5 18. Qc2 b4 19. Na4 dxe4 20. Qxe4 Bb5 21. b3
) (15. Nxd5 cxd5 16. Bxd5 {[%cal Gd1d8,Gd5a8,Gd5g8,Gf7h5]} Nxf4 17. Bxf7+ Kh8
18. gxf4 (18. Rxd8 Nxe2+ 19. Kg2 Rexd8) 18... Qc8 19. Bxe8 Qxe8 20. Qf3 $36)
15... g6 16. f4 $14) 14. e4 {[%csl Gc3,Ge5,Gf4,Gg2][%cal Gb3g8] Weiß steht
viel aktiver, darum möchte er die Stellung öffnen.} Nf8 $6 {Dieser Zug
verliert eigentlich einen Bauern, aber es ist schwer zu sehen, wie Schwarz den
Druck abschütteln sollte.} (14... Nb8 $16) {[#]} 15. Nxc6 $1 {[%mdl 64] Ein
typisches, aber relativ unbekanntes zeitweiliges Springeropfer. In meiner
Partie gegen Radulov habe ich auch so gespielt. Die Variante entsteht nach den
Zügen 1.d4 Nf6 2.c4 e6 3.g3 d5 4.Bg2 Be7 5.Nf3 0-0 6.0-0 c6 7.Nc3 b6 8.Ne5 Bb7
9.e4 Nbd7? 10.Nxc6! (Ribli,Z. - Radulov,I. IBM Amsterdam 1975).} Bxc6 16. exd5
Bb7 (16... g5 $2 17. Be5 $16) 17. d6 {[%cal Rd6e7,Rg2b7] Das ist die Pointe
des weißen Spiels - jetzt hängt der e7B und der b7B auch. Weiß gewinnt die
Figur mit Bauernvorteil zurück.} Bxg2 18. dxe7 Qxe7 19. Kxg2 $16 Ne6 20. Be3
Ng4 21. Re1 (21. Qc2 Nxe3+ 22. fxe3 Ng5 $16 {[%cal Gg5e4]}) 21... Qf6 (21...
Nxe3+ 22. Rxe3 Qb7+ 23. d5 Nc5 24. Rxe8+ Rxe8 25. Qc4 $16) 22. d5 Nxe3+ 23.
Rxe3 Nd4 24. Rxe8+ (24. Qd1 Rxe3 25. fxe3 Nf5 $14) 24... Rxe8 25. Qd1 Nf5 {
[%cal Gf5d6]} 26. Qd2 {[%cal Ga1e1,Ge1e8] Weiß möchte die Stellung mit 27.Rd1
vereinfachen.} (26. Qd3 $16) 26... Qe5 27. Rd1 Nd6 {[%csl Gd6] Weiß hat einen
Bauern mehr, aber der d6N blockiert den weißen Mehrbauern, so dass Weiß einige
technische Probleme bewältigen muss.} 28. Qd3 {[%cal Gd1d2,Gd2e2,Ge2e8] Weiß
bereitet das Manöver Rd2-Re2 vor.} g6 29. Rd2 Qf6 30. Re2 {Natuerlich muss
Weiß den Turm tauschen.} Rxe2 31. Qxe2 {[%mdl 4096]} Qd4 32. Qd1 Qb4 (32...
Qxd1 33. Nxd1 $16) 33. Qd2 Kf8 (33... Nc4 $2 34. Qd4 $18 {[%cal Gd4b4]}) 34. b3
{Weiß möchte die Dame von der Verteidigung des b-Bauern befreien.} Nf5 35. Qd3
Nd6 36. Ne2 Qe1 (36... Qa5 37. a4 $16) 37. Nc3 Qe5 (37... Ke7 38. Qe3+ Qxe3 39.
fxe3 $16) 38. Qe3 Qf5 39. Qd4 Kg8 (39... Qc2 $6 40. Qe5 $18) 40. a4 Qd7 41. Qe5
h5 42. h3 $1 {Weißs mobilisiert seine Bauern am Königsflügel.} Kf8 43. f3 {
[%cal Gg3g4]} Qc7 44. g4 hxg4 45. fxg4 $1 {Gewöhnlich nimmt man mit dem
h-Bauern zurück, aber hier macht Weiß Platz für den König auf f3. Die andere
Idee des Zugs 45.fxg4 ist, dass Weiß später einen Freibauern auf der h-Linie
bilden kann.} Qc5 46. Kf3 {[%csl Gc3,Ge5,Gf3]} Qb4 47. Ke2 Qa3 48. Kd3 Qb4 49.
h4 $1 $18 {[%cal Gh4h5] Der weiße h-Bauer entscheidet die Partie.} Ne8 50. Qd4
Qa3 (50... Qxb3 51. d6 $18) 51. h5 gxh5 52. gxh5 Kg8 53. Qe5 Qf8 (53... Nd6 54.
h6 $18) 54. Ne4 f5 55. Ng5 Nf6 56. Qxf5 Qh6 57. d6 Nxh5 58. d7 Qd6+ 59. Ke3
Qe7+ (59... Qe7+ 60. Qe6+ Kf8 (60... Qxe6+ 61. Nxe6 $18) 61. d8=Q+ $18) 1-0

[Event "George Marx Memorial 2nd"]
[Site "Paks"]
[Date "2004.06.09"]
[Round "5"]
[White "Kortschnoj, Viktor Lvovich"]
[Black "Portisch, Lajos"]
[Result "1-0"]
[WhiteElo "2579"]
[BlackElo "2573"]
[Annotator "Ribli,Z"]
[PlyCount "97"]
[EventDate "2004.05.05"]
[EventType "tourn"]
[EventRounds "10"]
[EventCountry "HUN"]
[EventCategory "14"]
[SourceTitle "CBM 102"]
[Source "ChessBase"]
[SourceDate "2004.09.23"]
[SourceVersion "1"]
[SourceVersionDate "2004.09.23"]
[SourceQuality "1"]

1. d4 d5 2. c4 e6 3. Nc3 Be7 {Die Hauptidee des Textzugs ist, dass im Falle
von der Abtauschvariante (4.cxd4 exd5) Schwarz wahrscheinlich bessere Chancen
hat, wie nach 3...Nf6 4.cxd4 exd5, da in diesem Fall 5.Bg5 stark ist.} 4. Nf3
Nf6 5. g3 O-O 6. Bg2 Nbd7 7. Qd3 (7. O-O dxc4) 7... c6 8. O-O Qa5 {[%cal Ga5a6,
Ga6d3] Das ist eine selten gespielte Fortsetzung und ich glaube, dass es nicht
die beste Möglichkeit für Schwarz ist. Die prinzipielle Antwort wäre 8...b6,
wonach Weiß immer mit dem Motiv Ba6 rechnen muss. Die Idee des Damezuges ist,
dass Schwarz Qa6 spielen kann.} (8... b6 $5 9. Rd1 (9. e4 Ba6 10. b3 Rc8 11.
Bf4 Re8 $2 (11... c5 $1 12. exd5 exd5 13. Nb5 dxc4 14. bxc4 Bxb5 15. cxb5 Nd5
$13) 12. Rfd1 Nf8 13. a4 Bb4 14. e5 $14 N6d7 15. Bd2 Nb8 16. Qc2 $1 {1-0
Korchnoi,V-Petrosian,T/Moscow 20/540 1975/[Matanovic,A; Korchnoi,V] (74)}) 9...
a5 $5 (9... Ba6 10. b3 Rc8 11. e4 c5 12. exd5 exd5 13. dxc5 dxc4 14. bxc4 Rxc5
15. Nb5 Bxb5 16. cxb5 Rd5 17. Nd4 Ne5 $5 18. Qc3 Bc5 $1 19. Bb2 Rd6 20. Rd2 Qd7
21. Rad1 Qg4 22. h3 $1 Bxd4 23. hxg4 Bxc3 24. Bxc3 Rxd2 25. Rxd2 Nexg4 26. Bc6
$16 {1-0 Gleizerov,E-Barua,D/Kolkata 84/405 2002/[Gleizerov,E] (51) [^^]}) 10.
b3 (10. e4 Ba6 11. b3 b5 12. cxb5 cxb5 13. e5 b4 14. Qc2 Rc8 15. exf6 Nxf6 16.
Ne5 Rxc3 17. Qb1 Nd7 {0-1 Gross,G-Vaganian,R/St Ingbert GER 2004/(31)}) 10...
Ba6 11. Bb2 b5 $5 (11... Qb8 12. a4 Rd8 13. e4 Ra7 14. Qe2 Bb4 15. exd5 Bxc3
16. dxc6 Bxb2 17. Qxb2 Nf8 18. Ne5 Ng6 19. f4 $44 {1-0 Gleizerov,E-Nadera,B/
Dubai UAE 2004/The Week in Chess 495 (48)}) 12. cxb5 cxb5 13. Nxb5 Ne4 14. a4
Rb8 15. Rdc1 Qb6 16. Bf1 Bxb5 17. axb5 Qxb5 18. Qxb5 Rxb5 19. Rc7 Rd8 {1/2-1/2
Romanishin,O-Bischoff,K/Essen 2001/CBM 83 (27)}) 9. Rd1 (9. e4 Qa6 10. b3 dxc4
11. bxc4 e5 12. dxe5 Ng4 13. Bf4 Nc5 14. Qc2 Ne6 15. h3 Nxf4 16. gxf4 Nh6 17.
f5 Qxc4 18. Qc1 Rd8 19. f6 {.. 1-0 Mihajlovic,V-Tadic,B/Budva 2002/EXT 2003 
(32)}) 9... b6 {[%cal Gc8a6,Ga6d3]} (9... Qa6 10. b3 Rd8 11. Bf4 dxc4 12. bxc4
Nb6 13. Ne5 Bd7 14. h4 Be8 15. Ne4 Nfd7 16. c5 Qxd3 17. Nxd3 Nd5 18. Bd6 Kf8 {
0-1 Balcerowski,W-Godes,D/Rowy 2000/CBM 78 ext (35)}) 10. cxd5 cxd5 (10... Ba6
11. Qc2 cxd5 12. a3 $14 {[%csl Ra5]}) (10... exd5 11. b3 $14) 11. a3 {12.b4
droht noch nicht, aber die schhwarze Dame steht ein wenig unglücklich auf a5.}
Qa6 12. Nb5 $1 $14 {[%csl Gb5] Bei symmetrischer Bauernstellung hat Weiß die
Initiative am Damenflügel. Sein b5N steht aktiv und paralysiert das schwarze
Figurenspiel und wegen der a6-Damestellung kann Schwarz den Springer nicht mit
a7-a6 verjagen..} Bb7 13. Bf4 Rac8 14. a4 {[%mdl 32] Weiß verstärkt den
b5-Springer.} Ne4 15. h4 {[%cal Gf3g5] Weiß sichert sein Königsflügel und im
Folgenden kann er Ng5 spielen.} Qa5 (15... h6 $142 $5) 16. Ng5 $1 Ndf6 (16...
Nxg5 17. hxg5 $14 {[%csl Gg5]} a6 $2 18. Nd6 $18 {[%csl Ra5,Gd6]}) 17. f3 a6 $8
{Nach diesem Zug verliert Schwarz eigentlich einen Bauern, aber das ist seine
einzige Gegenchance, denn sonst bekommt Weiß überlegenes Spiel.} (17... Nxg5
18. hxg5 Ne8 19. Kf2 $36 {[%cal Gd1h1,Gh1h7]}) 18. fxe4 dxe4 (18... axb5 19. e5
Ne4 20. Nxe4 (20. axb5 Qb4 21. Nxe4 dxe4 22. Bxe4 Bxe4 23. Qxe4 Qxb5 $14) 20...
dxe4 21. Qxb5 Qxb5 22. axb5 $16) 19. Nxe4 $6 {Meiner Meinung nach ist dieser
Tausch ein wenig schablonenhaft.} (19. Bxe4 $1 Bxe4 (19... Nxe4 20. Bd2 $1 Bb4
(20... Nxd2 $4 21. Qxh7#) 21. Nd6 $18) 20. Nxe4 Nxe4 (20... axb5 21. Nxf6+ Bxf6
22. Bd6 {[%cal Rd6f8,Gb2b4]} bxa4 (22... Rfd8 $2 23. axb5 $18 {[%csl Ra5][%cal
Ra1a5]}) 23. b4 Qa8 24. Bxf8 $16) 21. Na7 $16) 19... Bxe4 (19... Nxe4 $1 20.
Nc7 Qf5 $132) 20. Bxe4 axb5 (20... Nxe4 21. Na7 $16 Ra8 $2 22. Nc6 $18 {
[%cal Rc6a5,Rc6e7]}) 21. axb5 Qb4 22. Bc6 $16 {[%csl Gc6,Gf4] Weiß hat das
Läuferpaar und einen Bauern mehr.} Nh5 23. Bd2 Qd6 (23... Qxb2 $4 24. Bc3 Qb3
25. Rdb1 $18) 24. Kg2 f5 $1 {[%cal Gf5f4] Die schwarze Drohung ist 25...f4 und
im Falle von 26.g4 muss Weiß mit 26...f3+ rechnen.} 25. Qf3 g6 26. Ra7 {
[%csl Rd6,Re7][%cal Ra7d7,Rd7d6] Droht 27.Rd7 mit Figurengewinn.} Rcd8 27. e3
Bf6 28. Ra4 {[%cal Rd2b4,Rb4f8]} Be7 29. Ra7 {Mit dieser Zugwiederholung
gewinnt Weiß Bedenkzeit.} (29. Bb4 $5 Qc7 30. Bxe7 Qxe7 31. Ra6 Qc7 32. Rc1 $16
) 29... Bf6 30. Be1 e5 31. Rd2 (31. e4 $5 $16) 31... exd4 (31... e4 32. Qe2 $16
) 32. exd4 f4 (32... Bxd4 33. Rxd4 Qxd4 34. Qb3+ Kh8 35. Bc3 $18) 33. g4 Ng3 {
[#]} 34. Ba8 $3 {[%cal Rf3b7,Ra7h7] Das ist nicht so typisch, dass der
katalanische Läufer eine ruhige Position auf der gegnerische Grundlinie findet.
Die weiße Drohung ist 35.Qb7 mit sofortigem Gewinn.} (34. Bxg3 fxg3 35. Qxg3
Qxg3+ 36. Kxg3 Bxd4 $132) (34. Bf2 Bxh4 35. d5 $16) 34... Rfe8 35. Bxg3 fxg3
36. g5 Re7 (36... Bg7 $2 37. Qf7+ $18) 37. Rxe7 Bxe7 38. Bc6 {Der Mohr hat
seine Schuldigkeit getan, der Mohr kann gehen. Nach Vereinfachungen gewinnt
Weiß den zweiten Bauern auf g3.} Bf8 39. Qxg3 Qe6 (39... Qxg3+ 40. Kxg3 $18)
40. Qf3 Bg7 41. Re2 Qd6 42. d5 {Es gibt ungleichfarbige Läufer auf dem Brett,
aber die Anwesenheit der schweren Kavallerie demonstriert, dass Schwarz keine
Remischancen hat.} Qb4 43. Qe4 $1 Qxe4+ 44. Rxe4 {[%mdl 4096]} Bxb2 45. Re7 $18
Ba3 46. Rb7 Bc5 47. Bd7 {[%cal Rd7e6,Re6g8]} Kh8 (47... Kh8 48. Be6 $22 Be3 49.
d6 $18) 48. Be6 Rf8 49. Rd7 {[%cal Gd5d6]} 1-0

[Event "MK Cafe Cup-A"]
[Site "Koszalin"]
[Date "1999.08.08"]
[Round "6"]
[White "Romanishin, Oleg M"]
[Black "Grabarczyk, Miroslaw"]
[Result "1-0"]
[WhiteElo "2567"]
[BlackElo "2484"]
[Annotator "Ribli,Z"]
[PlyCount "53"]
[EventDate "1999.08.03"]
[EventType "swiss"]
[EventRounds "9"]
[EventCountry "POL"]
[SourceTitle "CBM 073"]
[Source "ChessBase"]
[SourceDate "1999.12.01"]
[SourceVersion "1"]
[SourceVersionDate "1999.12.01"]
[SourceQuality "1"]

{[%mdl 10240]} 1. d4 d5 2. c4 c6 {Die Slawische Verteidigung ist
wahrscheinlich die am häufigsten gespielte Eröffnung in der modernen
Turnierpraxis. Ribli.} 3. Nf3 Nf6 4. Nc3 e6 5. g3 Nbd7 {Schwarz nimmt die
Herausforderung nicht an, sondern entwickelt sich.} (5... dxc4 $5 {Das ist die
prinzipielle Variante. Schwarz hat einen Bauern mehr, aber Weiss bekommt seine
traditionelle "katalanische" Kompensation mit folgendem Bg2 / 0-0 / e4.}) 6.
Bg2 Be7 7. O-O O-O 8. Bf4 (8. b3 {Dieser traditionelle Bauernzug wird häufiger
gespielt.}) 8... Nh5 9. Bd2 (9. c5 Nxf4 10. gxf4 f5 11. Qd3 Qe8 12. b4 Qh5 13.
a4 Rf6 14. Ne5 Nxe5 15. fxe5 Rh6 16. h3 g5 $40 {0-1 Barlocco,C-Roatta,L/
Imperia 1989/EXT 89op2 (36)}) 9... Nhf6 (9... b6 10. e4 Ba6 11. exd5 cxd5 12.
Ne5 Nxe5 13. dxe5 g6 14. cxd5 Bxf1 15. Kxf1 exd5 16. Nxd5 Rc8 17. Bc3 $44 {
1/2-1/2 Pessi,J-Tahkavuori,T/Heart of Finland op 1997/EXT 99 (41)}) 10. Bf4 (
10. Re1 b6 11. Rc1 Bb7 12. cxd5 cxd5 13. a4 Rc8 14. Qb3 Ne4 15. Na2 Nxd2 16.
Nxd2 Nb8 17. Rxc8 Qxc8 18. Rc1 Qd7 19. e3 Ba6 (19... Rc8 $5) 20. Nb4 Rc8 21.
Rxc8+ Qxc8 22. Nxa6 Qc1+ 23. Bf1 Nxa6 24. Qb5 $36 {1-0 Harkonen,E-Birjukov,S/
Kuopio 1996/EXT 99 (33)}) 10... Nh5 11. Bd2 Nhf6 {Schwarz (80 Elopunkte
weniger) wäre sicher mit remis zufrieden.} 12. c5 {12.Bf4 wäre dreimalige
Stellungswiederholung.} Ne4 {Schwarz will mit ...f5 eine Stonewallstellung
errichten.} (12... e5 13. dxe5 (13. Nxe5 Nxe5 14. dxe5 Nd7 $11 {[%csl Rc5,Re5]}
) 13... Ne4 14. b4 a5 15. a3 axb4 16. axb4 Rxa1 17. Qxa1 Nxd2 18. Nxd2 b6 $13 (
18... Nxe5 19. Nxd5 $16 {[%csl Re5][%cal Ra1e5]})) (12... b6 13. b4 a5 14. a3
$14) 13. Nxe4 dxe4 14. Ne5 Nxe5 15. dxe5 Bxc5 $6 (15... Qd5 {[%csl Rc5,Re5]}
16. Bc3 Qc4 (16... Qxc5 17. Bxe4 $14) 17. e3 (17. Qc2 e3 $13) 17... Bxc5 18.
Qg4 $14 {[%csl Re4]}) (15... Qc7 $5) 16. Bxe4 $14 {[%csl Rc8,Ge4,Ge5] Weiss
hat zwar Doppelbauern in der e-Linie, aber seine Stellung ist aktiv. Der
Unterschied zwischen den weissfeldrigen Läufern wird spürbar.} Qd4 $2 {[%cal
Rd4e5,Rd4e4] Dieser Zug ist zu optimistisch. Schwarz hat Entwicklungsprobleme
und geht auf Bauernraub.} (16... Qc7 17. Qc2 {[%cal Rc2c5,Rc2h7]} (17. Bxh7+
Kxh7 18. Qc2+ {[%cal Rc2c5,Rc2h7]} Kg8 19. Qxc5 $16) 17... Qxe5 18. Bf4 $18 {
Mit Zugumstellung haben wir die Partiefortsetzung.}) (16... h6 $14) 17. Qc2 {
[%csl Rc5,Rd4][%cal Rc2h7]} (17. Bxh7+ Kh8 $16 (17... Kxh7 18. Qc2+ Kg8 19. Be3
Qxe5 20. Bxc5 $14)) 17... Qxe5 18. Bf4 $18 {[%csl Rc5,Re5] Schwarz kann die
vielseitigen Drohungen schon nicht mehr verteidigen.} Qh5 19. Bf3 {[%csl Rh5]}
Qf5 20. e4 {[%csl Rf5] Dieser Zug gewinnt eine Figur.} Qf6 21. Qxc5 Qxb2 {
Schwarz hat zwei Bauern für die Figur, aber seine Stellung ist natürlich zu
passiv.} 22. Be5 {[%csl Ge5][%cal Re5b2]} Qb6 23. Qc3 {[%cal Rc3g7]} f6 24. Bd6
{[%csl Gd6][%cal Rd6f8]} Re8 25. e5 {[%csl Rb6,Rc8,Gd6][%cal Ra1b1,Rb1b6] Die
weisse Figurenkoordination ist ausgezeichnet.} f5 26. Rfd1 {[%cal Gd1d8]} Bd7
27. Rab1 {Schwarz gab seine hoffnungslose Stellung auf.} (27. Rab1 Qa6 28. Qa3
Qxa3 29. Bxa3 Bc8 30. Bc5 $18) 1-0